[Event "IECG QN.2003.0.00288 email "]
[Site "IECG email"]
[Date "2003.08.19"]
[Round "?"]
[White "Riker, James"]
[Black "Stevenson, Keith"]
[Result "0-1"]
[WhiteElo "859"]
[BlackElo "844"]
[PlyCount "77"]
[EventDate "2003.08.19"]
[EventType "tourn (corr)"]
[EventRounds "6"]
[SourceTitle "Corr 2008"]
[Source "ChessBase"]
[SourceDate "2008.06.24"]
[SourceVersion "1"]
[SourceVersionDate "2008.06.24"]
[SourceQuality "1"]

1. e4 e5 2. Nf3 d6 3. c3 Nc6 4. Bb5 Bd7 5. 0-0 Nf6 6. Re1 Be7 7. d4 exd4 8. cxd4 0-0 9. Nc3 a6 10. Ba4 b5 11. Bc2 Nb4 12. Bb3 c5 13. a3 Nc6 14. Nd5 c4 15. Bc2 Bg4 16. Bg5 Bxf3 17. Qxf3 Nxd5 18. Bxe7 Ndxe7 19. Rad1 Qb6 20. e5 Nxd4 21. Qe3 dxe5 22. Bb1 Nec6 23. Be4 Rad8 24. Bxc6 Qxc6 25. Qxe5 Nb3 26. Rxd8 Rxd8 27. Qe7 Qc8 28. h3 h6 29. Re3 Qb8 30. Re1 Qd6 31. Qe3 Nd2 32. Kh1 Qd3 33. Qb6 Ne4 34. Rxe4 Qxe4 35. Qxd8+ Kh7 36. Qb6 Qb1+ 37. Kh2 Qxb2 38. Qxa6 c3 39. Qb7 0-1

[Event "IECG QN.2003.0.00288 email "]
[Site "IECG email"]
[Date "2003.08.19"]
[Round "?"]
[White "Stevenson, Keith"]
[Black "Zonneveld, Will"]
[Result "0-1"]
[WhiteElo "844"]
[BlackElo "800"]
[PlyCount "74"]
[EventDate "2003.08.19"]
[EventType "tourn (corr)"]
[EventRounds "6"]
[SourceTitle "Corr 2008"]
[Source "ChessBase"]
[SourceDate "2008.06.24"]
[SourceVersion "1"]
[SourceVersionDate "2008.06.24"]
[SourceQuality "1"]

1. e4 e6 2. Nf3 d5 3. exd5 exd5 4. d4 Bg4 5. Be2 Bd6 6. Nc3 Ne7 7. 0-0 a6 8. h3 Bf5 9. Bg5 f6 10. Be3 0-0 11. Bd3 c6 12. Bxf5 Nxf5 13. Qd3 Nxe3 14. fxe3 f5 15. Ne2 Qe7 16. b3 Nd7 17. c4 Rae8 18. c5 Bc7 19. Rae1 Qxe3+ 20. Qxe3 Rxe3 21. b4 Rfe8 22. Kf2 Nf6 23. Ne5 Ra3 24. Nc1 Ne4+ 25. Kg1 Bxe5 26. dxe5 Rxe5 27. Re2 a5 28. Nb3 axb4 29. g4 fxg4 30. hxg4 Rg5 31. Rf4 h5 32. Nd4 Nxc5 33. Re8+ Kh7 34. Kg2 Nd3 35. Rf1 Rxg4+ 36. Kh3 Nf4+ 37. Kh2 Rh3# 0-1

[Event "IECG QN.2001.0.00165"]
[Site "IECG email"]
[Date "2001.02.19"]
[Round "?"]
[White "Lim, Chai Chin"]
[Black "Stevenson, Keith"]
[Result "1-0"]
[WhiteElo "533"]
[BlackElo "887"]
[PlyCount "35"]
[EventDate "2001.02.19"]
[EventType "tourn (corr)"]
[EventRounds "6"]
[SourceTitle "Corr 2008"]
[Source "ChessBase"]
[SourceDate "2008.06.24"]
[SourceVersion "1"]
[SourceVersionDate "2008.06.24"]
[SourceQuality "1"]

1. e4 e5 2. Nf3 Nc6 3. Bb5 d6 4. Bxc6+ bxc6 5. d4 Nf6 6. Bg5 Be7 7. Bxf6 Bxf6 8. dxe5 dxe5 9. 0-0 0-0 10. Nc3 Bd7 11. Qd2 h6 12. h3 Qe7 13. Rad1 Rad8 14. Qe3 c5 15. Rd5 Be6 16. Rxd8 Rxd8 17. Qc1 c4 18. Ne2 1-0

[Event "IECG QN.2001.0.00165"]
[Site "IECG email"]
[Date "2001.02.19"]
[Round "?"]
[White "Thurrott, Allan"]
[Black "Stevenson, Keith"]
[Result "1-0"]
[WhiteElo "856"]
[BlackElo "887"]
[PlyCount "37"]
[EventDate "2001.02.19"]
[EventType "tourn (corr)"]
[EventRounds "6"]
[SourceTitle "Corr 2008"]
[Source "ChessBase"]
[SourceDate "2008.06.24"]
[SourceVersion "1"]
[SourceVersionDate "2008.06.24"]
[SourceQuality "1"]

1. e4 e5 2. Nf3 Nc6 3. Bc4 d6 4. d4 Bg4 5. c3 Nf6 6. Qb3 d5 7. exd5 Na5 8. Qb5+ c6 9. dxc6 bxc6 10. Qxe5+ Be7 11. Be2 0-0 12. 0-0 Bd6 13. Qe3 Re8 14. Qd3 Rb8 15. b4 Nb7 16. Nbd2 a5 17. a3 Nd5 18. Re1 Qf6 19. Ne4 1-0

[Event "IECG CN.2000.0.00227"]
[Site "IECG email"]
[Date "2000.12.19"]
[Round "?"]
[White "Stevenson, Keith"]
[Black "Thurrott, Allan"]
[Result "0-1"]
[WhiteElo "800"]
[BlackElo "800"]
[PlyCount "60"]
[EventDate "2000.12.19"]
[EventType "tourn (corr)"]
[EventRounds "6"]
[SourceTitle "Corr 2008"]
[Source "ChessBase"]
[SourceDate "2008.06.24"]
[SourceVersion "1"]
[SourceVersionDate "2008.06.24"]
[SourceQuality "1"]

1. e4 d6 2. Nf3 Nf6 3. Nc3 g6 4. Bc4 Bg7 5. d4 0-0 6. 0-0 Nbd7 7. e5 dxe5 8. dxe5 Ng4 9. e6 Nde5 10. Qxd8 Rxd8 11. Nxe5 Nxe5 12. exf7+ Nxf7 13. Bd2 Rxd2 14. Bd3 Bxc3 15. bxc3 Ne5 16. Rae1 Nxd3 17. cxd3 e6 18. d4 Rxa2 19. d5 exd5 20. Re8+ Kf7 21. Rd8 Rc2 22. h3 Rxc3 23. Re1 d4 24. f4 d3 25. Kf2 Rc2+ 26. Ke3 d2 27. Rd1 Bg4 28. R1xd2 Rc3+ 29. R8d3 Rxd3+ 30. Rxd3 Be6 0-1

[Event "IECG CN.2000.0.00227"]
[Site "IECG email"]
[Date "2000.12.19"]
[Round "?"]
[White "Stevenson, Keith"]
[Black "Zednik, Martin"]
[Result "0-1"]
[WhiteElo "800"]
[BlackElo "800"]
[PlyCount "26"]
[EventDate "2000.12.19"]
[EventType "tourn (corr)"]
[EventRounds "6"]
[SourceTitle "Corr 2008"]
[Source "ChessBase"]
[SourceDate "2008.06.24"]
[SourceVersion "1"]
[SourceVersionDate "2008.06.24"]
[SourceQuality "1"]

1. e4 e5 2. Nf3 Nc6 3. Bc4 Bc5 4. c3 Nf6 5. d4 exd4 6. Ng5 0-0 7. f4 d5 8. b4 dxc4 9. bxc5 Bg4 10. Nf3 Nxe4 11. cxd4 Bxf3 12. Qxf3 Nxd4 13. Qd1 Qh4+ 0-1

[Event "IECG C3.2000.0.00161"]
[Site "IECG email"]
[Date "2000.10.27"]
[Round "?"]
[White "Stevenson, Keith"]
[Black "Yeo, Gareth"]
[Result "0-1"]
[WhiteElo "800"]
[BlackElo "1341"]
[PlyCount "50"]
[EventDate "2000.10.27"]
[EventType "tourn (corr)"]
[EventRounds "6"]
[SourceTitle "Corr 2008"]
[Source "ChessBase"]
[SourceDate "2008.06.24"]
[SourceVersion "1"]
[SourceVersionDate "2008.06.24"]
[SourceQuality "1"]

1. d4 d5 2. e3 c5 3. c3 Nf6 4. Bd3 Bg4 5. Nf3 Bxf3 6. Qxf3 e6 7. 0-0 c4 8. Bc2 Bd6 9. b4 b5 10. Nd2 a5 11. a4 axb4 12. e4 dxe4 13. Nxe4 Nxe4 14. Qxe4 Ra6 15. d5 Be7 16. cxb4 exd5 17. Qe5 0-0 18. Bd2 Bf6 19. Qh5 g6 20. Qh6 Bg7 21. Qh3 Bxa1 22. Rxa1 Re8 23. a5 d4 24. Bd1 c3 25. Bh6 Re1# 0-1

[Event "IECG CP.2000.P.00010"]
[Site "IECG email"]
[Date "2000.10.01"]
[Round "?"]
[White "Marconi, Ralph P"]
[Black "Stevenson, Keith"]
[Result "1-0"]
[WhiteElo "2129"]
[BlackElo "800"]
[PlyCount "38"]
[EventDate "2000.10.01"]
[EventType "tourn (corr)"]
[EventRounds "6"]
[EventCountry "RUS"]
[SourceTitle "Corr 2008"]
[Source "ChessBase"]
[SourceDate "2008.06.24"]
[SourceVersion "1"]
[SourceVersionDate "2008.06.24"]
[SourceQuality "1"]

1. e4 e5 2. Nf3 Nc6 3. d4 exd4 4. Nxd4 Nxd4 5. Qxd4 b6 6. Bc4 Bc5 7. Qd5 Qf6 8. Qxa8 Qxf2+ 9. Kd1 Ne7 10. Rf1 Qd4+ 11. Bd3 0-0 12. Qxa7 Nc6 13. Qxc7 Bd6 14. Be3 Qxb2 15. Qxd6 Qxa1 16. Ke2 Qb2 17. Nd2 Ne5 18. Bd4 Nc4 19. Nxc4 Qxa2 1-0

[Event "IECG CP.2000.P.00010"]
[Site "IECG email"]
[Date "2000.10.01"]
[Round "?"]
[White "Newton, Hobart E"]
[Black "Stevenson, Keith"]
[Result "1-0"]
[WhiteElo "1953"]
[BlackElo "800"]
[PlyCount "41"]
[EventDate "2000.10.01"]
[EventType "tourn (corr)"]
[EventRounds "6"]
[EventCountry "RUS"]
[SourceTitle "Corr 2008"]
[Source "ChessBase"]
[SourceDate "2008.06.24"]
[SourceVersion "1"]
[SourceVersionDate "2008.06.24"]
[SourceQuality "1"]

1. e4 e5 2. Nf3 Nc6 3. Bb5 d6 4. d4 Bd7 5. 0-0 Nf6 6. Nc3 a6 7. Bxc6 Bxc6 8. Re1 Be7 9. dxe5 Ng4 10. Bf4 f6 11. exd6 Bxd6 12. Bxd6 cxd6 13. Nd4 Ne5 14. Nd5 Bd7 15. f4 Bg4 16. Qd2 Nc6 17. Ne3 Bd7 18. Ndf5 0-0 19. Qd5+ Kh8 20. Nxd6 Qe8 21. Nxe8 1-0

[Event "IECG QN.2000.0.00099"]
[Site "IECG email"]
[Date "2000.02.18"]
[Round "?"]
[White "Stevenson, Keith"]
[Black "Chandler, Mark"]
[Result "1-0"]
[WhiteElo "800"]
[BlackElo "800"]
[PlyCount "47"]
[EventDate "2000.02.18"]
[EventType "tourn (corr)"]
[EventRounds "6"]
[SourceTitle "Corr 2008"]
[Source "ChessBase"]
[SourceDate "2008.06.24"]
[SourceVersion "1"]
[SourceVersionDate "2008.06.24"]
[SourceQuality "1"]

1. e4 c5 2. Bc4 Nf6 3. d3 d5 4. exd5 Nxd5 5. Nf3 g6 6. 0-0 Bg7 7. Bd2 0-0 8. Qc1 Nc6 9. Bh6 Bxh6 10. Qxh6 Nf6 11. Nc3 Qd6 12. Rad1 Ne5 13. Nb5 Nxf3+ 14. gxf3 Qc6 15. Qe3 Bh3 16. Rfe1 Ng4 17. Qf4 e5 18. Qg3 a6 19. Nc3 Nxf2 20. Kxf2 Be6 21. Ne4 f5 22. Ng5 Bxc4 23. Qh4 Qc7 24. Qxc4+ 1-0